| 000 | 02669nam a2200445 a 4500 | ||
|---|---|---|---|
| 003 | CHAP | ||
| 005 | 20250123141637.0 | ||
| 007 | cr ||||||a|c|a | ||
| 008 | 110124s2010 mx r 00010 spa d | ||
| 035 | _a111986 | ||
| 040 | _cCHAP | ||
| 090 | _aTesis | ||
| 100 | 1 |
_aHernández Santiago, Faustino. _954599 |
|
| 245 | 1 | 0 |
_aSucesión ecológica en barbechos de agricultura migratoria y su asociación con hongos ectimicorrocicos y comestibles en Santa Catarina Estetla, Oaxaca _c/por Faustino Hernández Santiago; director de tesis Jesús Pérez Moreno. |
| 264 | 1 |
_aChapingo, Méx. : _bEl autor, _c2010. |
|
| 300 |
_a1 recurso en línea (231 páginas) : _bcuadros, figuras. |
||
| 336 |
_2rdacontent _atexto _btxt |
||
| 337 |
_2rdamedia _acomputadora _bc |
||
| 338 |
_2rdacarrier _arecursos en línea _bcr |
||
| 502 |
_bMCADS _cSuelos _d2010. _gMAE |
||
| 520 | _aEn México, uno de los sistemas de mayor importancia que utiliza fuego para desarrollar sus actividades productivas es la roza, tumba y quema (RTQ) o agricultura migratoria. Los objetivos del presente estudio fueron describir el manejo del fuego, la composición de diversidad vegetal y de hongos en los barbechos y los hongos comestibles silvestres en Santa Catarina Estetla, Oaxaca. La cantidad de combustibles que se queman en la comunidad fue de 233 Mg ha-1 para Quercus magnoliifolia y Q. peduncularis y de 670 Mg ha-1 para Q. glaucoides. Especies de los géneros Lantana, Desmodium, Phaseolus, Agave, Calliandra, Diphysa, Eynsehardtia y Acacia se registraron en las diferentes fases de sucesión (6 a 90 años). Se identificaron 13 especies de hongos silvestres comestibles. Diphysa floribunda, Leucaena spp. y algunos hongos como Pseudofistulina radicata tienen potencial de adoptarse en las prácticas agroforestales, por sus múltiples beneficios para los habitantes de la comunidad. | ||
| 590 |
_aALEPH _b10 _c20130110 |
||
| 590 |
_aBATCH-UPD _b10 _c20130110 |
||
| 590 |
_aBATCH-UPD _b10 _c20130410 |
||
| 590 |
_aBATCH-UPD _b10 _c20130913 |
||
| 590 |
_aBATCH-UPD _b10 _c20140324 |
||
| 590 |
_aBATCH-UPD _b10 _c20141002 |
||
| 590 |
_aCONVERSION _b10 _c20130109 |
||
| 650 | 1 | 4 |
_aAgricultura migratoria. _92004 |
| 650 | 1 | 4 |
_aHongos comestibles. _956124 |
| 650 | 1 | 4 |
_aHongos entomógenos. _956131 |
| 700 | 1 |
_aPérez Moreno, Jesús _989869 _eDirector de tesis. |
|
| 856 |
_uhttp://10.13.5.2/tesis/111986.pdf _zDESCARGAR PDF |
||
| 901 | _aBK | ||
| 942 |
_cTD _2Clasificación Universidad Autónoma Chapingo |
||
| 949 |
_bBC _cTES _d33724002229941 _eTS1 _gDionaciØn _h51873 _i111986 _sb |
||
| 949 |
_bBC _cTES _d33724002229983 _eTS2 _fc.2 _h51874 _i111986 _sb |
||
| 999 |
_c100327 _d100327 |
||